PHYSICAL THERAPY OF THE SHOULDER (Record no. 801521)

MARC details
000 -LEADER
fixed length control field 00374pam a2200157 a 4500
020 ## - INTERNATIONAL STANDARD BOOK NUMBER
International Standard Book Number 9781437707403
Terms of availability
041 ## - LANGUAGE CODE
Language code of text/sound track or separate title eng
082 ## - DEWEY DECIMAL CLASSIFICATION NUMBER
Classification number 617.3
Item number DON
100 ## - MAIN ENTRY--PERSONAL NAME
Personal name DONATELLI R.A.
245 ## - TITLE STATEMENT
Title PHYSICAL THERAPY OF THE SHOULDER
Medium Textual Documents
250 ## - EDITION STATEMENT
Edition statement 5.
260 ## - PUBLICATION, DISTRIBUTION, ETC.
Name of publisher, distributor, etc. CHURCHILL LIVING STONE
Date of publication, distribution, etc. 2012
300 ## - PHYSICAL DESCRIPTION
Extent 476:
Other physical details XII;
Dimensions PB.
650 ## - SUBJECT ADDED ENTRY--TOPICAL TERM
Topical term or geographic name entry element ORTHO
930 ## - EQUIVALENCE OR CROSS-REFERENCE-UNIFORM TITLE HEADING [LOCAL, CANADA]
Uniform title 6994
Holdings
Withdrawn status Lost status Damaged status Not for loan Collection Home library Current library Date acquired Source of acquisition Cost, normal purchase price Total Checkouts Full call number Barcode Date last seen Copy number Price effective from Koha item type
          Medical College & Hospital, Sangli Medical College & Hospital, Sangli 13/10/2015 B.M.S.G.B.PUNE 8026.20   617.3 DON MCS-12645 26/07/2023 1 26/07/2023 Book